00574 2200205 4500001002100000005001500021035002000036007000300056008003900059082001000098084001700108100002300125245009100148260004100239300004200280650001100322650001000333650001200343022001300355INLIS00000000000101520240924082647 a0010-0924000093ta240924 | | |  a632.5 a632.5 SWI k0 aSwitzerland, Basel1 aKey Technologies of Intelligent Weeding for Vegetables: A Review /cSwitzerland, Basel aSwitzerland, Basel :bMDPI AG,c2024 a1-40 hlm, :bilus, ;c21 cm X 29,5 cm 4aJurnal 4aGulma 4aSayuran a20770472